The Abbé Breuil and the osteodontokeratic culture / by Raymond A. Dart
Descripción Física:
p. 347-370 : il., amb làm. ; 27 cm
Colección:
Monografías ; 11
Materias:
Prehistòria
MARC
| LEADER | 00000nam a2200000Ia 4500 | ||
|---|---|---|---|
| 001 | 7792 | ||
| 008 | 160829s1964 xx 000 0 cat d | ||
| 080 | |a FU-21-4 | ||
| 100 | |a Dart, Raymond A. |9 24128 | ||
| 245 | 4 | |a The Abbé Breuil and the osteodontokeratic culture / by Raymond A. Dart | |
| 260 | |a Barcelona : |b Diputación. Instituto de Prehistoria y Arqueología, |c 1964 | ||
| 300 | |a p. 347-370 : |b il., amb làm. ; |c 27 cm | ||
| 490 | |a Monografías ; 11 | ||
| 590 | |a Separata de: Miscelánea en homenaje al Abate Henri Breuil | ||
| 650 | |a Prehistòria |9 31362 | ||
| 710 | 2 | |a Instituto de Prehistoria y Arqueología (Barcelona, Catalunya) |9 54255 | |
| 901 | |a Arxiu | ||
| 942 | |n 1 |2 udc | ||
| 952 | |0 0 |1 0 |4 0 |6 FU214 |7 1 |9 42991 |a Arxiu |b Arxiu |d 2016-12-01 |l 0 |o FU-21-4 |p 7792 |r 2016-12-01 00:00:00 |w 2016-12-01 |y ARXIU | ||
| 999 | |c 45534 |d 45534 | ||